Statistics for Quebec Quiz

Click here to take the quiz!

General Stats

  • This quiz has been taken 136 times
  • The average score is 9 of 15

Answer Stats

Hint Answer% Correct
First languageFrench
97%
USA
91%
USA
91%
Three biggest metro areasMontreal
82%
Quebec
80%
France
76%
Five largest trading partnersCanada
65%
Bordering countriesCanada
65%
Company that produces 96% of Quebec's energyHydroQuebec
64%
China
62%
Sherbrooke
46%
Top exportAluminum
13%
Year of "independance"2006
10%
Algeria
7%
Industralized corridor in the southWindsor Corridor
3%

Score Distribution

Percentile by Number Answered

Percent of People with Each Score

Your Score History

You have not taken this quiz